| 000 | 00362nam a22001217a 4500 | ||
|---|---|---|---|
| 082 |
_a342.5491 _bBAS |
||
| 100 | _aBasit, Muhammmad Abdul | ||
| 245 |
_aThe Constitutions of The Islamic Republic of Pakistan / _cMuhammmad Abdul Basit |
||
| 260 |
_aRawalpindi : _bFederal Law House, _c2017. |
||
| 300 |
_a286 p. ; _c24 cm. |
||
| 563 | _aHB. | ||
| 942 |
_2ddc _cBK |
||
| 999 |
_c616009 _d616009 |
||